<?xml version="1.0" encoding="UTF-8"?>
<record
    xmlns:xsi="http://www.w3.org/2001/XMLSchema-instance"
    xsi:schemaLocation="http://www.loc.gov/MARC21/slim http://www.loc.gov/standards/marcxml/schema/MARC21slim.xsd"
    xmlns="http://www.loc.gov/MARC21/slim">

  <leader>00326nam a22001337a 4500</leader>
  <controlfield tag="005">20170630103902.0</controlfield>
  <controlfield tag="008">170630b        xxu||||| |||| 00| 0 eng d</controlfield>
  <datafield tag="022" ind1=" " ind2=" ">
    <subfield code="a">0566-2257</subfield>
  </datafield>
  <datafield tag="245" ind1=" " ind2=" ">
    <subfield code="a">University News </subfield>
  </datafield>
  <datafield tag="250" ind1=" " ind2=" ">
    <subfield code="a">Vol-55</subfield>
  </datafield>
  <datafield tag="260" ind1=" " ind2=" ">
    <subfield code="a">New Delhi</subfield>
    <subfield code="b">Associations of Indian Universities</subfield>
    <subfield code="c">2017</subfield>
  </datafield>
  <datafield tag="300" ind1=" " ind2=" ">
    <subfield code="a">P39</subfield>
  </datafield>
  <datafield tag="942" ind1=" " ind2=" ">
    <subfield code="c">JRL</subfield>
  </datafield>
  <datafield tag="999" ind1=" " ind2=" ">
    <subfield code="c">5490</subfield>
    <subfield code="d">5488</subfield>
  </datafield>
  <datafield tag="952" ind1=" " ind2=" ">
    <subfield code="0">0</subfield>
    <subfield code="1">0</subfield>
    <subfield code="4">0</subfield>
    <subfield code="7">0</subfield>
    <subfield code="a">JRU</subfield>
    <subfield code="b">MAIN</subfield>
    <subfield code="d">2017-06-30</subfield>
    <subfield code="l">0</subfield>
    <subfield code="p">UN0001</subfield>
    <subfield code="r">2017-06-30 00:00:00</subfield>
    <subfield code="w">2017-06-30</subfield>
    <subfield code="y">JRL</subfield>
  </datafield>
  <datafield tag="952" ind1=" " ind2=" ">
    <subfield code="0">0</subfield>
    <subfield code="1">0</subfield>
    <subfield code="4">0</subfield>
    <subfield code="7">0</subfield>
    <subfield code="a">JRU</subfield>
    <subfield code="b">MAIN</subfield>
    <subfield code="d">2017-06-30</subfield>
    <subfield code="l">0</subfield>
    <subfield code="p">UN0002</subfield>
    <subfield code="r">2017-06-30 00:00:00</subfield>
    <subfield code="w">2017-06-30</subfield>
    <subfield code="y">JRL</subfield>
  </datafield>
  <datafield tag="952" ind1=" " ind2=" ">
    <subfield code="0">0</subfield>
    <subfield code="1">0</subfield>
    <subfield code="4">0</subfield>
    <subfield code="7">0</subfield>
    <subfield code="a">JRU</subfield>
    <subfield code="b">MAIN</subfield>
    <subfield code="d">2017-06-30</subfield>
    <subfield code="l">0</subfield>
    <subfield code="p">UN0003</subfield>
    <subfield code="r">2017-06-30 00:00:00</subfield>
    <subfield code="w">2017-06-30</subfield>
    <subfield code="y">JRL</subfield>
  </datafield>
  <datafield tag="952" ind1=" " ind2=" ">
    <subfield code="0">0</subfield>
    <subfield code="1">0</subfield>
    <subfield code="4">0</subfield>
    <subfield code="7">0</subfield>
    <subfield code="a">JRU</subfield>
    <subfield code="b">MAIN</subfield>
    <subfield code="d">2017-06-30</subfield>
    <subfield code="l">0</subfield>
    <subfield code="p">UN0004</subfield>
    <subfield code="r">2017-06-30 00:00:00</subfield>
    <subfield code="w">2017-06-30</subfield>
    <subfield code="y">JRL</subfield>
  </datafield>
  <datafield tag="952" ind1=" " ind2=" ">
    <subfield code="0">0</subfield>
    <subfield code="1">0</subfield>
    <subfield code="4">0</subfield>
    <subfield code="7">0</subfield>
    <subfield code="a">JRU</subfield>
    <subfield code="b">MAIN</subfield>
    <subfield code="d">2017-06-30</subfield>
    <subfield code="l">0</subfield>
    <subfield code="p">UN0005</subfield>
    <subfield code="r">2017-06-30 00:00:00</subfield>
    <subfield code="w">2017-06-30</subfield>
    <subfield code="y">JRL</subfield>
  </datafield>
  <datafield tag="952" ind1=" " ind2=" ">
    <subfield code="0">0</subfield>
    <subfield code="1">0</subfield>
    <subfield code="4">0</subfield>
    <subfield code="7">0</subfield>
    <subfield code="a">JRU</subfield>
    <subfield code="b">MAIN</subfield>
    <subfield code="d">2017-06-30</subfield>
    <subfield code="l">0</subfield>
    <subfield code="p">UN0006</subfield>
    <subfield code="r">2017-06-30 00:00:00</subfield>
    <subfield code="w">2017-06-30</subfield>
    <subfield code="y">JRL</subfield>
  </datafield>
  <datafield tag="952" ind1=" " ind2=" ">
    <subfield code="0">0</subfield>
    <subfield code="1">0</subfield>
    <subfield code="4">0</subfield>
    <subfield code="7">0</subfield>
    <subfield code="a">JRU</subfield>
    <subfield code="b">MAIN</subfield>
    <subfield code="d">2018-01-06</subfield>
    <subfield code="l">0</subfield>
    <subfield code="p">UN0007</subfield>
    <subfield code="r">2018-01-06 00:00:00</subfield>
    <subfield code="w">2018-01-06</subfield>
    <subfield code="y">JRL</subfield>
  </datafield>
  <datafield tag="952" ind1=" " ind2=" ">
    <subfield code="0">0</subfield>
    <subfield code="1">0</subfield>
    <subfield code="4">0</subfield>
    <subfield code="7">0</subfield>
    <subfield code="a">JRU</subfield>
    <subfield code="b">MAIN</subfield>
    <subfield code="d">2018-01-06</subfield>
    <subfield code="l">0</subfield>
    <subfield code="p">UN0008</subfield>
    <subfield code="r">2018-01-06 00:00:00</subfield>
    <subfield code="w">2018-01-06</subfield>
    <subfield code="y">JRL</subfield>
  </datafield>
  <datafield tag="952" ind1=" " ind2=" ">
    <subfield code="0">0</subfield>
    <subfield code="1">0</subfield>
    <subfield code="4">0</subfield>
    <subfield code="7">0</subfield>
    <subfield code="a">JRU</subfield>
    <subfield code="b">MAIN</subfield>
    <subfield code="d">2018-01-06</subfield>
    <subfield code="l">0</subfield>
    <subfield code="p">UN0009</subfield>
    <subfield code="r">2018-01-06 00:00:00</subfield>
    <subfield code="w">2018-01-06</subfield>
    <subfield code="y">JRL</subfield>
  </datafield>
  <datafield tag="952" ind1=" " ind2=" ">
    <subfield code="0">0</subfield>
    <subfield code="1">0</subfield>
    <subfield code="4">0</subfield>
    <subfield code="7">0</subfield>
    <subfield code="a">JRU</subfield>
    <subfield code="b">MAIN</subfield>
    <subfield code="d">2018-01-06</subfield>
    <subfield code="l">0</subfield>
    <subfield code="p">UN0010</subfield>
    <subfield code="r">2018-01-06 00:00:00</subfield>
    <subfield code="w">2018-01-06</subfield>
    <subfield code="y">JRL</subfield>
  </datafield>
  <datafield tag="952" ind1=" " ind2=" ">
    <subfield code="0">0</subfield>
    <subfield code="1">0</subfield>
    <subfield code="4">0</subfield>
    <subfield code="7">0</subfield>
    <subfield code="a">JRU</subfield>
    <subfield code="b">MAIN</subfield>
    <subfield code="c">JRL</subfield>
    <subfield code="d">2018-08-28</subfield>
    <subfield code="l">0</subfield>
    <subfield code="p">UN0011</subfield>
    <subfield code="r">2018-08-28 00:00:00</subfield>
    <subfield code="w">2018-08-28</subfield>
    <subfield code="y">JRL</subfield>
  </datafield>
  <datafield tag="952" ind1=" " ind2=" ">
    <subfield code="0">0</subfield>
    <subfield code="1">0</subfield>
    <subfield code="4">0</subfield>
    <subfield code="7">0</subfield>
    <subfield code="a">JRU</subfield>
    <subfield code="b">MAIN</subfield>
    <subfield code="c">JRL</subfield>
    <subfield code="d">2018-09-27</subfield>
    <subfield code="l">0</subfield>
    <subfield code="p">UN0012</subfield>
    <subfield code="r">2018-09-27 00:00:00</subfield>
    <subfield code="w">2018-09-27</subfield>
    <subfield code="y">JRL</subfield>
  </datafield>
  <datafield tag="952" ind1=" " ind2=" ">
    <subfield code="0">0</subfield>
    <subfield code="1">0</subfield>
    <subfield code="4">0</subfield>
    <subfield code="7">0</subfield>
    <subfield code="a">JRU</subfield>
    <subfield code="b">MAIN</subfield>
    <subfield code="c">JRL</subfield>
    <subfield code="d">2018-09-27</subfield>
    <subfield code="l">0</subfield>
    <subfield code="p">UN0013</subfield>
    <subfield code="r">2018-09-27 00:00:00</subfield>
    <subfield code="w">2018-09-27</subfield>
    <subfield code="y">JRL</subfield>
  </datafield>
  <datafield tag="952" ind1=" " ind2=" ">
    <subfield code="0">0</subfield>
    <subfield code="1">0</subfield>
    <subfield code="4">0</subfield>
    <subfield code="7">0</subfield>
    <subfield code="a">JRU</subfield>
    <subfield code="b">MAIN</subfield>
    <subfield code="c">JRL</subfield>
    <subfield code="d">2018-09-27</subfield>
    <subfield code="l">0</subfield>
    <subfield code="p">UN0014</subfield>
    <subfield code="r">2018-09-27 00:00:00</subfield>
    <subfield code="w">2018-09-27</subfield>
    <subfield code="y">JRL</subfield>
  </datafield>
  <datafield tag="952" ind1=" " ind2=" ">
    <subfield code="0">0</subfield>
    <subfield code="1">0</subfield>
    <subfield code="4">0</subfield>
    <subfield code="7">0</subfield>
    <subfield code="a">JRU</subfield>
    <subfield code="b">MAIN</subfield>
    <subfield code="c">JRL</subfield>
    <subfield code="d">2018-09-27</subfield>
    <subfield code="l">0</subfield>
    <subfield code="p">UN0015</subfield>
    <subfield code="r">2018-09-27 00:00:00</subfield>
    <subfield code="w">2018-09-27</subfield>
    <subfield code="y">JRL</subfield>
  </datafield>
  <datafield tag="952" ind1=" " ind2=" ">
    <subfield code="0">0</subfield>
    <subfield code="1">0</subfield>
    <subfield code="4">0</subfield>
    <subfield code="7">0</subfield>
    <subfield code="a">JRU</subfield>
    <subfield code="b">MAIN</subfield>
    <subfield code="c">JRL</subfield>
    <subfield code="d">2018-09-27</subfield>
    <subfield code="l">0</subfield>
    <subfield code="p">UN0016</subfield>
    <subfield code="r">2018-09-27 00:00:00</subfield>
    <subfield code="w">2018-09-27</subfield>
    <subfield code="y">JRL</subfield>
  </datafield>
  <datafield tag="952" ind1=" " ind2=" ">
    <subfield code="0">0</subfield>
    <subfield code="1">0</subfield>
    <subfield code="4">0</subfield>
    <subfield code="7">0</subfield>
    <subfield code="a">JRU</subfield>
    <subfield code="b">MAIN</subfield>
    <subfield code="c">JRL</subfield>
    <subfield code="d">2018-09-27</subfield>
    <subfield code="l">0</subfield>
    <subfield code="p">UN0017</subfield>
    <subfield code="r">2018-09-27 00:00:00</subfield>
    <subfield code="w">2018-09-27</subfield>
    <subfield code="y">JRL</subfield>
  </datafield>
  <datafield tag="952" ind1=" " ind2=" ">
    <subfield code="0">0</subfield>
    <subfield code="1">0</subfield>
    <subfield code="4">0</subfield>
    <subfield code="7">0</subfield>
    <subfield code="a">JRU</subfield>
    <subfield code="b">MAIN</subfield>
    <subfield code="c">JRL</subfield>
    <subfield code="d">2018-10-26</subfield>
    <subfield code="l">0</subfield>
    <subfield code="p">UN0018</subfield>
    <subfield code="r">2018-10-26 00:00:00</subfield>
    <subfield code="w">2018-10-26</subfield>
    <subfield code="y">JRL</subfield>
  </datafield>
  <datafield tag="952" ind1=" " ind2=" ">
    <subfield code="0">0</subfield>
    <subfield code="1">0</subfield>
    <subfield code="4">0</subfield>
    <subfield code="7">0</subfield>
    <subfield code="a">JRU</subfield>
    <subfield code="b">MAIN</subfield>
    <subfield code="c">JRL</subfield>
    <subfield code="d">2018-10-26</subfield>
    <subfield code="l">0</subfield>
    <subfield code="p">UN0019</subfield>
    <subfield code="r">2018-10-26 00:00:00</subfield>
    <subfield code="w">2018-10-26</subfield>
    <subfield code="y">JRL</subfield>
  </datafield>
  <datafield tag="952" ind1=" " ind2=" ">
    <subfield code="0">0</subfield>
    <subfield code="1">0</subfield>
    <subfield code="4">0</subfield>
    <subfield code="7">0</subfield>
    <subfield code="a">JRU</subfield>
    <subfield code="b">MAIN</subfield>
    <subfield code="c">JRL</subfield>
    <subfield code="d">2018-10-26</subfield>
    <subfield code="l">0</subfield>
    <subfield code="p">UN0020</subfield>
    <subfield code="r">2018-10-26 00:00:00</subfield>
    <subfield code="w">2018-10-26</subfield>
    <subfield code="y">JRL</subfield>
  </datafield>
  <datafield tag="952" ind1=" " ind2=" ">
    <subfield code="0">0</subfield>
    <subfield code="1">0</subfield>
    <subfield code="4">0</subfield>
    <subfield code="7">0</subfield>
    <subfield code="a">JRU</subfield>
    <subfield code="b">MAIN</subfield>
    <subfield code="c">JRL</subfield>
    <subfield code="d">2018-10-26</subfield>
    <subfield code="l">0</subfield>
    <subfield code="p">UN0021</subfield>
    <subfield code="r">2018-10-26 00:00:00</subfield>
    <subfield code="w">2018-10-26</subfield>
    <subfield code="y">JRL</subfield>
  </datafield>
  <datafield tag="952" ind1=" " ind2=" ">
    <subfield code="0">0</subfield>
    <subfield code="1">0</subfield>
    <subfield code="4">0</subfield>
    <subfield code="7">0</subfield>
    <subfield code="a">JRU</subfield>
    <subfield code="b">MAIN</subfield>
    <subfield code="c">JRL</subfield>
    <subfield code="d">2018-10-26</subfield>
    <subfield code="l">0</subfield>
    <subfield code="p">UN0022</subfield>
    <subfield code="r">2018-10-26 00:00:00</subfield>
    <subfield code="w">2018-10-26</subfield>
    <subfield code="y">JRL</subfield>
  </datafield>
  <datafield tag="952" ind1=" " ind2=" ">
    <subfield code="0">0</subfield>
    <subfield code="1">0</subfield>
    <subfield code="4">0</subfield>
    <subfield code="7">0</subfield>
    <subfield code="a">JRU</subfield>
    <subfield code="b">MAIN</subfield>
    <subfield code="c">JRL</subfield>
    <subfield code="d">2018-10-26</subfield>
    <subfield code="l">0</subfield>
    <subfield code="p">UN0023</subfield>
    <subfield code="r">2018-10-26 00:00:00</subfield>
    <subfield code="w">2018-10-26</subfield>
    <subfield code="y">JRL</subfield>
  </datafield>
  <datafield tag="952" ind1=" " ind2=" ">
    <subfield code="0">0</subfield>
    <subfield code="1">0</subfield>
    <subfield code="4">0</subfield>
    <subfield code="7">0</subfield>
    <subfield code="a">JRU</subfield>
    <subfield code="b">MAIN</subfield>
    <subfield code="c">JRL</subfield>
    <subfield code="d">2018-10-26</subfield>
    <subfield code="l">0</subfield>
    <subfield code="p">UN0024</subfield>
    <subfield code="r">2018-10-26 00:00:00</subfield>
    <subfield code="w">2018-10-26</subfield>
    <subfield code="y">JRL</subfield>
  </datafield>
  <datafield tag="952" ind1=" " ind2=" ">
    <subfield code="0">0</subfield>
    <subfield code="1">0</subfield>
    <subfield code="4">0</subfield>
    <subfield code="7">0</subfield>
    <subfield code="a">JRU</subfield>
    <subfield code="b">MAIN</subfield>
    <subfield code="c">JRL</subfield>
    <subfield code="d">2019-02-22</subfield>
    <subfield code="l">0</subfield>
    <subfield code="p">UN0025</subfield>
    <subfield code="r">2019-02-22 00:00:00</subfield>
    <subfield code="w">2019-02-22</subfield>
    <subfield code="y">JRL</subfield>
  </datafield>
  <datafield tag="952" ind1=" " ind2=" ">
    <subfield code="0">0</subfield>
    <subfield code="1">0</subfield>
    <subfield code="4">0</subfield>
    <subfield code="7">0</subfield>
    <subfield code="a">JRU</subfield>
    <subfield code="b">MAIN</subfield>
    <subfield code="c">JRL</subfield>
    <subfield code="d">2019-02-22</subfield>
    <subfield code="l">0</subfield>
    <subfield code="p">UN0026</subfield>
    <subfield code="r">2019-02-22 00:00:00</subfield>
    <subfield code="w">2019-02-22</subfield>
    <subfield code="y">JRL</subfield>
  </datafield>
  <datafield tag="952" ind1=" " ind2=" ">
    <subfield code="0">0</subfield>
    <subfield code="1">0</subfield>
    <subfield code="4">0</subfield>
    <subfield code="7">0</subfield>
    <subfield code="a">JRU</subfield>
    <subfield code="b">MAIN</subfield>
    <subfield code="c">JRL</subfield>
    <subfield code="d">2019-03-09</subfield>
    <subfield code="l">0</subfield>
    <subfield code="p">UN0027</subfield>
    <subfield code="r">2019-03-09 00:00:00</subfield>
    <subfield code="w">2019-03-09</subfield>
    <subfield code="y">JRL</subfield>
  </datafield>
  <datafield tag="952" ind1=" " ind2=" ">
    <subfield code="0">0</subfield>
    <subfield code="1">0</subfield>
    <subfield code="4">0</subfield>
    <subfield code="7">0</subfield>
    <subfield code="a">JRU</subfield>
    <subfield code="b">MAIN</subfield>
    <subfield code="c">JRL</subfield>
    <subfield code="d">2019-03-09</subfield>
    <subfield code="l">0</subfield>
    <subfield code="p">UN0028</subfield>
    <subfield code="r">2019-03-09 00:00:00</subfield>
    <subfield code="w">2019-03-09</subfield>
    <subfield code="y">JRL</subfield>
  </datafield>
  <datafield tag="952" ind1=" " ind2=" ">
    <subfield code="0">0</subfield>
    <subfield code="1">0</subfield>
    <subfield code="4">0</subfield>
    <subfield code="7">0</subfield>
    <subfield code="a">JRU</subfield>
    <subfield code="b">MAIN</subfield>
    <subfield code="c">JRL</subfield>
    <subfield code="d">2019-03-09</subfield>
    <subfield code="l">0</subfield>
    <subfield code="p">UN0029</subfield>
    <subfield code="r">2019-03-09 00:00:00</subfield>
    <subfield code="w">2019-03-09</subfield>
    <subfield code="y">JRL</subfield>
  </datafield>
  <datafield tag="952" ind1=" " ind2=" ">
    <subfield code="0">0</subfield>
    <subfield code="1">0</subfield>
    <subfield code="4">0</subfield>
    <subfield code="7">0</subfield>
    <subfield code="a">JRU</subfield>
    <subfield code="b">MAIN</subfield>
    <subfield code="c">JRL</subfield>
    <subfield code="d">2019-12-28</subfield>
    <subfield code="l">0</subfield>
    <subfield code="p">UN0030</subfield>
    <subfield code="r">2019-12-28 00:00:00</subfield>
    <subfield code="w">2019-12-28</subfield>
    <subfield code="y">JRL</subfield>
  </datafield>
  <datafield tag="952" ind1=" " ind2=" ">
    <subfield code="0">0</subfield>
    <subfield code="1">0</subfield>
    <subfield code="4">0</subfield>
    <subfield code="7">0</subfield>
    <subfield code="a">JRU</subfield>
    <subfield code="b">MAIN</subfield>
    <subfield code="c">JRL</subfield>
    <subfield code="d">2019-12-28</subfield>
    <subfield code="l">0</subfield>
    <subfield code="p">UN0031</subfield>
    <subfield code="r">2019-12-28 00:00:00</subfield>
    <subfield code="w">2019-12-28</subfield>
    <subfield code="y">JRL</subfield>
  </datafield>
  <datafield tag="952" ind1=" " ind2=" ">
    <subfield code="0">0</subfield>
    <subfield code="1">0</subfield>
    <subfield code="4">0</subfield>
    <subfield code="7">0</subfield>
    <subfield code="a">JRU</subfield>
    <subfield code="b">MAIN</subfield>
    <subfield code="c">JRL</subfield>
    <subfield code="d">2019-12-28</subfield>
    <subfield code="l">0</subfield>
    <subfield code="p">UN0032</subfield>
    <subfield code="r">2019-12-28 00:00:00</subfield>
    <subfield code="w">2019-12-28</subfield>
    <subfield code="y">JRL</subfield>
  </datafield>
  <datafield tag="952" ind1=" " ind2=" ">
    <subfield code="0">0</subfield>
    <subfield code="1">0</subfield>
    <subfield code="4">0</subfield>
    <subfield code="7">0</subfield>
    <subfield code="a">JRU</subfield>
    <subfield code="b">MAIN</subfield>
    <subfield code="c">JRL</subfield>
    <subfield code="d">2019-12-28</subfield>
    <subfield code="l">0</subfield>
    <subfield code="p">UN0033</subfield>
    <subfield code="r">2019-12-28 00:00:00</subfield>
    <subfield code="w">2019-12-28</subfield>
    <subfield code="y">JRL</subfield>
  </datafield>
  <datafield tag="952" ind1=" " ind2=" ">
    <subfield code="0">0</subfield>
    <subfield code="1">0</subfield>
    <subfield code="4">0</subfield>
    <subfield code="7">0</subfield>
    <subfield code="a">JRU</subfield>
    <subfield code="b">MAIN</subfield>
    <subfield code="c">JRL</subfield>
    <subfield code="d">2020-06-04</subfield>
    <subfield code="g">25.00</subfield>
    <subfield code="h">VOL-58, NO-03</subfield>
    <subfield code="l">0</subfield>
    <subfield code="p">UN0034</subfield>
    <subfield code="r">2020-05-23 00:00:00</subfield>
    <subfield code="w">2020-06-04</subfield>
    <subfield code="y">JRL</subfield>
  </datafield>
  <datafield tag="952" ind1=" " ind2=" ">
    <subfield code="0">0</subfield>
    <subfield code="1">0</subfield>
    <subfield code="4">0</subfield>
    <subfield code="7">0</subfield>
    <subfield code="a">JRU</subfield>
    <subfield code="b">MAIN</subfield>
    <subfield code="c">JRL</subfield>
    <subfield code="d">2020-06-04</subfield>
    <subfield code="g">25.00</subfield>
    <subfield code="h">VOL-58, NO-03</subfield>
    <subfield code="l">0</subfield>
    <subfield code="p">UN0035</subfield>
    <subfield code="r">2020-05-23 00:00:00</subfield>
    <subfield code="w">2020-06-04</subfield>
    <subfield code="y">JRL</subfield>
  </datafield>
  <datafield tag="952" ind1=" " ind2=" ">
    <subfield code="0">0</subfield>
    <subfield code="1">0</subfield>
    <subfield code="4">0</subfield>
    <subfield code="7">0</subfield>
    <subfield code="a">JRU</subfield>
    <subfield code="b">MAIN</subfield>
    <subfield code="c">JRL</subfield>
    <subfield code="d">2020-06-04</subfield>
    <subfield code="g">25.00</subfield>
    <subfield code="h">VOL-58, NO-03</subfield>
    <subfield code="l">0</subfield>
    <subfield code="p">UN0036</subfield>
    <subfield code="r">2020-05-23 00:00:00</subfield>
    <subfield code="w">2020-06-04</subfield>
    <subfield code="y">JRL</subfield>
  </datafield>
  <datafield tag="952" ind1=" " ind2=" ">
    <subfield code="0">0</subfield>
    <subfield code="1">0</subfield>
    <subfield code="4">0</subfield>
    <subfield code="7">0</subfield>
    <subfield code="a">JRU</subfield>
    <subfield code="b">MAIN</subfield>
    <subfield code="c">JRL</subfield>
    <subfield code="d">2020-06-04</subfield>
    <subfield code="g">25.00</subfield>
    <subfield code="h">VOL-58, NO-04 (JAN 27-FEB-02)</subfield>
    <subfield code="l">0</subfield>
    <subfield code="p">UN0037</subfield>
    <subfield code="r">2020-05-23 00:00:00</subfield>
    <subfield code="w">2020-06-04</subfield>
    <subfield code="y">JRL</subfield>
  </datafield>
  <datafield tag="952" ind1=" " ind2=" ">
    <subfield code="0">0</subfield>
    <subfield code="1">0</subfield>
    <subfield code="4">0</subfield>
    <subfield code="7">0</subfield>
    <subfield code="a">JRU</subfield>
    <subfield code="b">MAIN</subfield>
    <subfield code="c">JRL</subfield>
    <subfield code="d">2020-06-04</subfield>
    <subfield code="g">25.00</subfield>
    <subfield code="h">VOL-58, NO-04 (JAN 27-FEB-02)</subfield>
    <subfield code="l">0</subfield>
    <subfield code="p">UN0038</subfield>
    <subfield code="r">2020-05-23 00:00:00</subfield>
    <subfield code="w">2020-06-04</subfield>
    <subfield code="y">JRL</subfield>
  </datafield>
  <datafield tag="952" ind1=" " ind2=" ">
    <subfield code="0">0</subfield>
    <subfield code="1">0</subfield>
    <subfield code="4">0</subfield>
    <subfield code="7">0</subfield>
    <subfield code="a">JRU</subfield>
    <subfield code="b">MAIN</subfield>
    <subfield code="c">JRL</subfield>
    <subfield code="d">2020-06-04</subfield>
    <subfield code="g">25.00</subfield>
    <subfield code="h">VOL-58, NO-05  (FEB-03-09)</subfield>
    <subfield code="l">0</subfield>
    <subfield code="p">UN0039</subfield>
    <subfield code="r">2020-05-23 00:00:00</subfield>
    <subfield code="w">2020-06-04</subfield>
    <subfield code="y">JRL</subfield>
  </datafield>
  <datafield tag="952" ind1=" " ind2=" ">
    <subfield code="0">0</subfield>
    <subfield code="1">0</subfield>
    <subfield code="4">0</subfield>
    <subfield code="7">0</subfield>
    <subfield code="a">JRU</subfield>
    <subfield code="b">MAIN</subfield>
    <subfield code="c">JRL</subfield>
    <subfield code="d">2020-06-04</subfield>
    <subfield code="g">25.00</subfield>
    <subfield code="h">VOL-58, NO-05  (FEB-03-09)</subfield>
    <subfield code="l">0</subfield>
    <subfield code="p">UN0040</subfield>
    <subfield code="r">2020-05-23 00:00:00</subfield>
    <subfield code="w">2020-06-04</subfield>
    <subfield code="y">JRL</subfield>
  </datafield>
  <datafield tag="952" ind1=" " ind2=" ">
    <subfield code="0">0</subfield>
    <subfield code="1">0</subfield>
    <subfield code="4">0</subfield>
    <subfield code="7">0</subfield>
    <subfield code="a">JRU</subfield>
    <subfield code="b">MAIN</subfield>
    <subfield code="c">JRL</subfield>
    <subfield code="d">2020-06-04</subfield>
    <subfield code="g">25.00</subfield>
    <subfield code="h">VOL-58,NO-06          (FEB10-16)</subfield>
    <subfield code="l">0</subfield>
    <subfield code="p">UN0041</subfield>
    <subfield code="r">2020-05-23 00:00:00</subfield>
    <subfield code="w">2020-06-04</subfield>
    <subfield code="y">JRL</subfield>
  </datafield>
  <datafield tag="952" ind1=" " ind2=" ">
    <subfield code="0">0</subfield>
    <subfield code="1">0</subfield>
    <subfield code="4">0</subfield>
    <subfield code="7">0</subfield>
    <subfield code="a">JRU</subfield>
    <subfield code="b">MAIN</subfield>
    <subfield code="c">JRL</subfield>
    <subfield code="d">2020-06-04</subfield>
    <subfield code="g">25.00</subfield>
    <subfield code="h">VOL-58,NO-06          (FEB10-16)</subfield>
    <subfield code="l">0</subfield>
    <subfield code="p">UN0042</subfield>
    <subfield code="r">2020-05-23 00:00:00</subfield>
    <subfield code="w">2020-06-04</subfield>
    <subfield code="y">JRL</subfield>
  </datafield>
  <datafield tag="952" ind1=" " ind2=" ">
    <subfield code="0">0</subfield>
    <subfield code="1">0</subfield>
    <subfield code="4">0</subfield>
    <subfield code="7">0</subfield>
    <subfield code="a">JRU</subfield>
    <subfield code="b">MAIN</subfield>
    <subfield code="c">JRL</subfield>
    <subfield code="d">2020-06-04</subfield>
    <subfield code="g">25.00</subfield>
    <subfield code="h">VOL-58,NO-06          (FEB10-16)</subfield>
    <subfield code="l">0</subfield>
    <subfield code="p">UN0043</subfield>
    <subfield code="r">2020-05-23 00:00:00</subfield>
    <subfield code="w">2020-06-04</subfield>
    <subfield code="y">JRL</subfield>
  </datafield>
  <datafield tag="952" ind1=" " ind2=" ">
    <subfield code="0">0</subfield>
    <subfield code="1">0</subfield>
    <subfield code="4">0</subfield>
    <subfield code="7">0</subfield>
    <subfield code="a">JRU</subfield>
    <subfield code="b">MAIN</subfield>
    <subfield code="c">JRL</subfield>
    <subfield code="d">2020-06-04</subfield>
    <subfield code="g">25.00</subfield>
    <subfield code="h">VOL-58, NO-07 (FEB17-23)</subfield>
    <subfield code="l">0</subfield>
    <subfield code="p">UN0044</subfield>
    <subfield code="r">2020-05-23 00:00:00</subfield>
    <subfield code="w">2020-06-04</subfield>
    <subfield code="y">JRL</subfield>
  </datafield>
  <datafield tag="952" ind1=" " ind2=" ">
    <subfield code="0">0</subfield>
    <subfield code="1">0</subfield>
    <subfield code="4">0</subfield>
    <subfield code="7">0</subfield>
    <subfield code="a">JRU</subfield>
    <subfield code="b">MAIN</subfield>
    <subfield code="c">JRL</subfield>
    <subfield code="d">2020-06-04</subfield>
    <subfield code="g">25.00</subfield>
    <subfield code="h">VOL-58, NO-07 (FEB17-23)</subfield>
    <subfield code="l">0</subfield>
    <subfield code="p">UN0045</subfield>
    <subfield code="r">2020-05-23 00:00:00</subfield>
    <subfield code="w">2020-06-04</subfield>
    <subfield code="y">JRL</subfield>
  </datafield>
  <datafield tag="952" ind1=" " ind2=" ">
    <subfield code="0">0</subfield>
    <subfield code="1">0</subfield>
    <subfield code="4">0</subfield>
    <subfield code="7">0</subfield>
    <subfield code="a">JRU</subfield>
    <subfield code="b">MAIN</subfield>
    <subfield code="c">JRL</subfield>
    <subfield code="d">2020-06-04</subfield>
    <subfield code="g">25.00</subfield>
    <subfield code="h">VOL-58, NO-07  (FEB-17-23)</subfield>
    <subfield code="l">0</subfield>
    <subfield code="p">UN0046</subfield>
    <subfield code="r">2020-05-23 00:00:00</subfield>
    <subfield code="w">2020-06-04</subfield>
    <subfield code="y">JRL</subfield>
  </datafield>
  <datafield tag="952" ind1=" " ind2=" ">
    <subfield code="0">0</subfield>
    <subfield code="1">0</subfield>
    <subfield code="4">0</subfield>
    <subfield code="7">0</subfield>
    <subfield code="a">JRU</subfield>
    <subfield code="b">MAIN</subfield>
    <subfield code="c">JRL</subfield>
    <subfield code="d">2021-03-09</subfield>
    <subfield code="e">PURCHES</subfield>
    <subfield code="g">30.00</subfield>
    <subfield code="h">VOL-50, NO-45, [0566-2257]  DEC-14/20</subfield>
    <subfield code="l">0</subfield>
    <subfield code="p">UN0047</subfield>
    <subfield code="r">2021-03-09 00:00:00</subfield>
    <subfield code="w">2021-03-09</subfield>
    <subfield code="y">JRL</subfield>
  </datafield>
  <datafield tag="952" ind1=" " ind2=" ">
    <subfield code="0">0</subfield>
    <subfield code="1">0</subfield>
    <subfield code="4">0</subfield>
    <subfield code="7">0</subfield>
    <subfield code="a">JRU</subfield>
    <subfield code="b">MAIN</subfield>
    <subfield code="c">JRL</subfield>
    <subfield code="d">2021-03-09</subfield>
    <subfield code="e">PURCHES</subfield>
    <subfield code="g">30.00</subfield>
    <subfield code="h">VOL-50, NO-45, [0566-2257]  DEC-14/20</subfield>
    <subfield code="l">0</subfield>
    <subfield code="p">UN0048</subfield>
    <subfield code="r">2021-03-09 00:00:00</subfield>
    <subfield code="w">2021-03-09</subfield>
    <subfield code="y">JRL</subfield>
  </datafield>
  <datafield tag="952" ind1=" " ind2=" ">
    <subfield code="0">0</subfield>
    <subfield code="1">0</subfield>
    <subfield code="4">0</subfield>
    <subfield code="7">0</subfield>
    <subfield code="a">JRU</subfield>
    <subfield code="b">MAIN</subfield>
    <subfield code="c">JRL</subfield>
    <subfield code="d">2021-03-09</subfield>
    <subfield code="e">PURCHES</subfield>
    <subfield code="g">30.00</subfield>
    <subfield code="h">VOL-50, NO-45, [0566-2257]  DEC-14/20</subfield>
    <subfield code="l">0</subfield>
    <subfield code="p">UN0049</subfield>
    <subfield code="r">2021-03-09 00:00:00</subfield>
    <subfield code="w">2021-03-09</subfield>
    <subfield code="y">JRL</subfield>
  </datafield>
  <datafield tag="952" ind1=" " ind2=" ">
    <subfield code="0">0</subfield>
    <subfield code="1">0</subfield>
    <subfield code="4">0</subfield>
    <subfield code="7">0</subfield>
    <subfield code="a">JRU</subfield>
    <subfield code="b">MAIN</subfield>
    <subfield code="c">JRL</subfield>
    <subfield code="d">2021-03-09</subfield>
    <subfield code="e">PURCHES</subfield>
    <subfield code="g">30.00</subfield>
    <subfield code="h">VOL-58, NO-50, [0566-2257]  DEC-14-20</subfield>
    <subfield code="l">0</subfield>
    <subfield code="p">UN0050</subfield>
    <subfield code="r">2021-03-09 00:00:00</subfield>
    <subfield code="w">2021-03-09</subfield>
    <subfield code="y">JRL</subfield>
  </datafield>
  <datafield tag="952" ind1=" " ind2=" ">
    <subfield code="0">0</subfield>
    <subfield code="1">0</subfield>
    <subfield code="4">0</subfield>
    <subfield code="7">0</subfield>
    <subfield code="a">JRU</subfield>
    <subfield code="b">MAIN</subfield>
    <subfield code="c">JRL</subfield>
    <subfield code="d">2021-03-09</subfield>
    <subfield code="e">PURCHES</subfield>
    <subfield code="g">30.00</subfield>
    <subfield code="h">VOL-58, NO-50, [0566-2257] DEC-14-20</subfield>
    <subfield code="l">0</subfield>
    <subfield code="p">UN0051</subfield>
    <subfield code="r">2021-03-09 00:00:00</subfield>
    <subfield code="w">2021-03-09</subfield>
    <subfield code="y">JRL</subfield>
  </datafield>
  <datafield tag="952" ind1=" " ind2=" ">
    <subfield code="0">0</subfield>
    <subfield code="1">0</subfield>
    <subfield code="4">0</subfield>
    <subfield code="7">0</subfield>
    <subfield code="a">JRU</subfield>
    <subfield code="b">MAIN</subfield>
    <subfield code="c">JRL</subfield>
    <subfield code="d">2021-03-09</subfield>
    <subfield code="e">PURCHES</subfield>
    <subfield code="g">30.00</subfield>
    <subfield code="h">VOL-58, NO-50, [0566-2257] DEC-14-20</subfield>
    <subfield code="l">0</subfield>
    <subfield code="p">UN0052</subfield>
    <subfield code="r">2021-03-09 00:00:00</subfield>
    <subfield code="w">2021-03-09</subfield>
    <subfield code="y">JRL</subfield>
  </datafield>
  <datafield tag="952" ind1=" " ind2=" ">
    <subfield code="0">0</subfield>
    <subfield code="1">0</subfield>
    <subfield code="4">0</subfield>
    <subfield code="7">0</subfield>
    <subfield code="a">JRU</subfield>
    <subfield code="b">MAIN</subfield>
    <subfield code="c">JRL</subfield>
    <subfield code="d">2021-03-09</subfield>
    <subfield code="e">PURCHES</subfield>
    <subfield code="g">30.00</subfield>
    <subfield code="h">VOL-59, NO-02, [0566-2257]  JAN-11-17</subfield>
    <subfield code="l">0</subfield>
    <subfield code="p">UN0053</subfield>
    <subfield code="r">2021-03-09 00:00:00</subfield>
    <subfield code="w">2021-03-09</subfield>
    <subfield code="y">JRL</subfield>
  </datafield>
  <datafield tag="952" ind1=" " ind2=" ">
    <subfield code="0">0</subfield>
    <subfield code="1">0</subfield>
    <subfield code="4">0</subfield>
    <subfield code="7">0</subfield>
    <subfield code="a">JRU</subfield>
    <subfield code="b">MAIN</subfield>
    <subfield code="c">JRL</subfield>
    <subfield code="d">2021-03-09</subfield>
    <subfield code="e">PURCHES</subfield>
    <subfield code="g">30.00</subfield>
    <subfield code="h">VOL-59, NO-02, [0566-2257] JAN-11-17</subfield>
    <subfield code="l">0</subfield>
    <subfield code="p">UN0054</subfield>
    <subfield code="r">2021-03-09 00:00:00</subfield>
    <subfield code="w">2021-03-09</subfield>
    <subfield code="y">JRL</subfield>
  </datafield>
  <datafield tag="952" ind1=" " ind2=" ">
    <subfield code="0">0</subfield>
    <subfield code="1">0</subfield>
    <subfield code="4">0</subfield>
    <subfield code="7">0</subfield>
    <subfield code="a">JRU</subfield>
    <subfield code="b">MAIN</subfield>
    <subfield code="c">JRL</subfield>
    <subfield code="d">2021-03-09</subfield>
    <subfield code="e">PURCHES</subfield>
    <subfield code="g">30.00</subfield>
    <subfield code="h">VOL-59, NO-02, [0566-2257] JAN-11-17</subfield>
    <subfield code="l">0</subfield>
    <subfield code="p">UN0055</subfield>
    <subfield code="r">2021-03-09 00:00:00</subfield>
    <subfield code="w">2021-03-09</subfield>
    <subfield code="y">JRL</subfield>
  </datafield>
  <datafield tag="952" ind1=" " ind2=" ">
    <subfield code="0">0</subfield>
    <subfield code="1">0</subfield>
    <subfield code="4">0</subfield>
    <subfield code="7">0</subfield>
    <subfield code="a">JRU</subfield>
    <subfield code="b">MAIN</subfield>
    <subfield code="c">JRL</subfield>
    <subfield code="d">2021-03-09</subfield>
    <subfield code="e">PURCHES</subfield>
    <subfield code="g">30.00</subfield>
    <subfield code="h">VOL-59, NO-06, [0566-2257]  FEB-8/14</subfield>
    <subfield code="l">0</subfield>
    <subfield code="p">UN0056</subfield>
    <subfield code="r">2021-03-09 00:00:00</subfield>
    <subfield code="w">2021-03-09</subfield>
    <subfield code="y">JRL</subfield>
  </datafield>
  <datafield tag="952" ind1=" " ind2=" ">
    <subfield code="0">0</subfield>
    <subfield code="1">0</subfield>
    <subfield code="4">0</subfield>
    <subfield code="7">0</subfield>
    <subfield code="a">JRU</subfield>
    <subfield code="b">MAIN</subfield>
    <subfield code="c">JRL</subfield>
    <subfield code="d">2021-07-05</subfield>
    <subfield code="e">PURCHESE</subfield>
    <subfield code="g">30.00</subfield>
    <subfield code="h">vol-59, no-10, march-08 - 14, 2021</subfield>
    <subfield code="l">0</subfield>
    <subfield code="p">UN0057</subfield>
    <subfield code="r">2021-07-05 00:00:00</subfield>
    <subfield code="w">2021-07-05</subfield>
    <subfield code="y">JRL</subfield>
  </datafield>
  <datafield tag="952" ind1=" " ind2=" ">
    <subfield code="0">0</subfield>
    <subfield code="1">0</subfield>
    <subfield code="4">0</subfield>
    <subfield code="7">0</subfield>
    <subfield code="a">JRU</subfield>
    <subfield code="b">MAIN</subfield>
    <subfield code="c">JRL</subfield>
    <subfield code="d">2021-07-05</subfield>
    <subfield code="e">PURCHESE</subfield>
    <subfield code="g">30.00</subfield>
    <subfield code="h">vol-59, no-10, march-08 - 14, 2021</subfield>
    <subfield code="l">0</subfield>
    <subfield code="p">UN0058</subfield>
    <subfield code="r">2021-07-05 00:00:00</subfield>
    <subfield code="w">2021-07-05</subfield>
    <subfield code="y">JRL</subfield>
  </datafield>
  <datafield tag="952" ind1=" " ind2=" ">
    <subfield code="0">0</subfield>
    <subfield code="1">0</subfield>
    <subfield code="4">0</subfield>
    <subfield code="7">0</subfield>
    <subfield code="a">JRU</subfield>
    <subfield code="b">MAIN</subfield>
    <subfield code="c">JRL</subfield>
    <subfield code="d">2021-07-10</subfield>
    <subfield code="e">PURCHESE</subfield>
    <subfield code="g">30.00</subfield>
    <subfield code="h">VOL-59, NO-15, APRIL-12-18, 2021</subfield>
    <subfield code="l">0</subfield>
    <subfield code="p">UN0059</subfield>
    <subfield code="r">2021-07-10 00:00:00</subfield>
    <subfield code="w">2021-07-10</subfield>
    <subfield code="y">JRL</subfield>
  </datafield>
  <datafield tag="952" ind1=" " ind2=" ">
    <subfield code="0">0</subfield>
    <subfield code="1">0</subfield>
    <subfield code="4">0</subfield>
    <subfield code="7">0</subfield>
    <subfield code="a">JRU</subfield>
    <subfield code="b">MAIN</subfield>
    <subfield code="c">JRL</subfield>
    <subfield code="d">2021-07-10</subfield>
    <subfield code="e">PURCHESE</subfield>
    <subfield code="g">30.00</subfield>
    <subfield code="h">VOL-59, NO-16, APRIL-19-25, 2021</subfield>
    <subfield code="l">0</subfield>
    <subfield code="p">UN0060</subfield>
    <subfield code="r">2021-07-10 00:00:00</subfield>
    <subfield code="w">2021-07-10</subfield>
    <subfield code="y">JRL</subfield>
  </datafield>
  <datafield tag="952" ind1=" " ind2=" ">
    <subfield code="0">0</subfield>
    <subfield code="1">0</subfield>
    <subfield code="4">0</subfield>
    <subfield code="7">0</subfield>
    <subfield code="a">JRU</subfield>
    <subfield code="b">MAIN</subfield>
    <subfield code="c">JRL</subfield>
    <subfield code="d">2021-07-10</subfield>
    <subfield code="e">PURCHESE</subfield>
    <subfield code="g">30.00</subfield>
    <subfield code="h">VOL-59, NO-15, APRIL-19-25, 2021</subfield>
    <subfield code="l">0</subfield>
    <subfield code="p">UN0061</subfield>
    <subfield code="r">2021-07-10 00:00:00</subfield>
    <subfield code="w">2021-07-10</subfield>
    <subfield code="y">JRL</subfield>
  </datafield>
  <datafield tag="952" ind1=" " ind2=" ">
    <subfield code="0">0</subfield>
    <subfield code="1">0</subfield>
    <subfield code="4">0</subfield>
    <subfield code="7">0</subfield>
    <subfield code="a">JRU</subfield>
    <subfield code="b">MAIN</subfield>
    <subfield code="c">JRL</subfield>
    <subfield code="d">2021-07-10</subfield>
    <subfield code="e">PURCHESE</subfield>
    <subfield code="g">30.00</subfield>
    <subfield code="h">VOL-59, NO-25, june- 21-27, 2021</subfield>
    <subfield code="l">0</subfield>
    <subfield code="p">UN0062</subfield>
    <subfield code="r">2021-07-10 00:00:00</subfield>
    <subfield code="w">2021-07-10</subfield>
    <subfield code="y">JRL</subfield>
  </datafield>
  <datafield tag="952" ind1=" " ind2=" ">
    <subfield code="0">0</subfield>
    <subfield code="1">0</subfield>
    <subfield code="4">0</subfield>
    <subfield code="7">0</subfield>
    <subfield code="a">JRU</subfield>
    <subfield code="b">MAIN</subfield>
    <subfield code="c">JRL</subfield>
    <subfield code="d">2021-07-10</subfield>
    <subfield code="e">PURCHESE</subfield>
    <subfield code="g">30.00</subfield>
    <subfield code="h">VOL-59, NO-06, FEB 08-14, 2021</subfield>
    <subfield code="l">0</subfield>
    <subfield code="p">UN0063</subfield>
    <subfield code="r">2021-07-10 00:00:00</subfield>
    <subfield code="w">2021-07-10</subfield>
    <subfield code="y">JRL</subfield>
  </datafield>
  <datafield tag="952" ind1=" " ind2=" ">
    <subfield code="0">0</subfield>
    <subfield code="1">0</subfield>
    <subfield code="4">0</subfield>
    <subfield code="7">0</subfield>
    <subfield code="a">JRU</subfield>
    <subfield code="b">MAIN</subfield>
    <subfield code="c">JRL</subfield>
    <subfield code="d">2021-07-10</subfield>
    <subfield code="e">PURCHESE</subfield>
    <subfield code="g">30.00</subfield>
    <subfield code="h">VOL-59, NO-06, FEB 08-14, 2021</subfield>
    <subfield code="l">0</subfield>
    <subfield code="p">UN0064</subfield>
    <subfield code="r">2021-07-10 00:00:00</subfield>
    <subfield code="w">2021-07-10</subfield>
    <subfield code="y">JRL</subfield>
  </datafield>
  <datafield tag="952" ind1=" " ind2=" ">
    <subfield code="0">0</subfield>
    <subfield code="1">0</subfield>
    <subfield code="4">0</subfield>
    <subfield code="7">0</subfield>
    <subfield code="a">JRU</subfield>
    <subfield code="b">MAIN</subfield>
    <subfield code="c">JRL</subfield>
    <subfield code="d">2021-10-05</subfield>
    <subfield code="e">PURCESS</subfield>
    <subfield code="g">30.00</subfield>
    <subfield code="h">VOL-59, NO-33, AUG-16-22,  [2021]  ISSN-0566-2257</subfield>
    <subfield code="l">0</subfield>
    <subfield code="p">UN0065</subfield>
    <subfield code="r">2021-10-05 00:00:00</subfield>
    <subfield code="w">2021-10-05</subfield>
    <subfield code="y">JRL</subfield>
  </datafield>
  <datafield tag="952" ind1=" " ind2=" ">
    <subfield code="0">0</subfield>
    <subfield code="1">0</subfield>
    <subfield code="4">0</subfield>
    <subfield code="7">0</subfield>
    <subfield code="a">JRU</subfield>
    <subfield code="b">MAIN</subfield>
    <subfield code="c">JRL</subfield>
    <subfield code="d">2021-10-05</subfield>
    <subfield code="e">PURCESS</subfield>
    <subfield code="g">30.00</subfield>
    <subfield code="h">VOL-59, NO-33, AUG-16-22,  [2021]  ISSN-0566-2257</subfield>
    <subfield code="l">0</subfield>
    <subfield code="p">UN0066</subfield>
    <subfield code="r">2021-10-05 00:00:00</subfield>
    <subfield code="w">2021-10-05</subfield>
    <subfield code="y">JRL</subfield>
  </datafield>
  <datafield tag="952" ind1=" " ind2=" ">
    <subfield code="0">0</subfield>
    <subfield code="1">0</subfield>
    <subfield code="4">0</subfield>
    <subfield code="7">0</subfield>
    <subfield code="a">JRU</subfield>
    <subfield code="b">MAIN</subfield>
    <subfield code="c">JRL</subfield>
    <subfield code="d">2021-10-18</subfield>
    <subfield code="e">PURCESS</subfield>
    <subfield code="g">30.00</subfield>
    <subfield code="h">VOL-59, NO-10, MARCH-08-14[2021] ISSN-0566-2257</subfield>
    <subfield code="l">0</subfield>
    <subfield code="p">UN0067</subfield>
    <subfield code="r">2021-10-18 00:00:00</subfield>
    <subfield code="w">2021-10-18</subfield>
    <subfield code="y">JRL</subfield>
  </datafield>
  <datafield tag="952" ind1=" " ind2=" ">
    <subfield code="0">0</subfield>
    <subfield code="1">0</subfield>
    <subfield code="4">0</subfield>
    <subfield code="7">0</subfield>
    <subfield code="a">JRU</subfield>
    <subfield code="b">MAIN</subfield>
    <subfield code="c">JRL</subfield>
    <subfield code="d">2021-10-18</subfield>
    <subfield code="e">PURCESS</subfield>
    <subfield code="g">30.00</subfield>
    <subfield code="h">VOL-59, NO-10, MARCH-15-21[2021] ISSN-0566-2257</subfield>
    <subfield code="l">0</subfield>
    <subfield code="p">UN0068</subfield>
    <subfield code="r">2021-10-18 00:00:00</subfield>
    <subfield code="w">2021-10-18</subfield>
    <subfield code="y">JRL</subfield>
  </datafield>
  <datafield tag="952" ind1=" " ind2=" ">
    <subfield code="0">0</subfield>
    <subfield code="1">0</subfield>
    <subfield code="4">0</subfield>
    <subfield code="7">0</subfield>
    <subfield code="a">JRU</subfield>
    <subfield code="b">MAIN</subfield>
    <subfield code="c">JRL</subfield>
    <subfield code="d">2021-10-18</subfield>
    <subfield code="e">PURCESS</subfield>
    <subfield code="g">30.00</subfield>
    <subfield code="h">VOL-59, NO-16, APRIL 19-25, 2021</subfield>
    <subfield code="l">0</subfield>
    <subfield code="p">UN0069</subfield>
    <subfield code="r">2021-10-18 00:00:00</subfield>
    <subfield code="w">2021-10-18</subfield>
    <subfield code="y">JRL</subfield>
  </datafield>
  <datafield tag="952" ind1=" " ind2=" ">
    <subfield code="0">0</subfield>
    <subfield code="1">0</subfield>
    <subfield code="4">0</subfield>
    <subfield code="7">0</subfield>
    <subfield code="a">JRU</subfield>
    <subfield code="b">MAIN</subfield>
    <subfield code="c">JRL</subfield>
    <subfield code="d">2021-10-18</subfield>
    <subfield code="e">PURCESS</subfield>
    <subfield code="g">30.00</subfield>
    <subfield code="h">VOL-59, NO-25, JUNE 21-27, 2021</subfield>
    <subfield code="l">0</subfield>
    <subfield code="p">UN0070</subfield>
    <subfield code="r">2021-10-18 00:00:00</subfield>
    <subfield code="w">2021-10-18</subfield>
    <subfield code="y">JRL</subfield>
  </datafield>
  <datafield tag="952" ind1=" " ind2=" ">
    <subfield code="0">0</subfield>
    <subfield code="1">0</subfield>
    <subfield code="4">0</subfield>
    <subfield code="7">0</subfield>
    <subfield code="a">JRU</subfield>
    <subfield code="b">MAIN</subfield>
    <subfield code="c">JRL</subfield>
    <subfield code="d">2021-10-18</subfield>
    <subfield code="e">PURCESS</subfield>
    <subfield code="g">30.00</subfield>
    <subfield code="h">VOL-59, NO-15, April 12-18, 2021, [ISSN-0566-2257]</subfield>
    <subfield code="l">0</subfield>
    <subfield code="p">UN0071</subfield>
    <subfield code="r">2021-10-18 00:00:00</subfield>
    <subfield code="w">2021-10-18</subfield>
    <subfield code="y">JRL</subfield>
  </datafield>
  <datafield tag="952" ind1=" " ind2=" ">
    <subfield code="0">0</subfield>
    <subfield code="1">0</subfield>
    <subfield code="4">0</subfield>
    <subfield code="7">0</subfield>
    <subfield code="8">MANAGEMENT</subfield>
    <subfield code="a">JRU</subfield>
    <subfield code="b">JRU</subfield>
    <subfield code="c">JRL</subfield>
    <subfield code="d">2021-10-18</subfield>
    <subfield code="e">PURCESS</subfield>
    <subfield code="g">30.00</subfield>
    <subfield code="h">VOL-59, NO-15, April 12-18, 2021, [ISSN-0566-2257]</subfield>
    <subfield code="l">0</subfield>
    <subfield code="p">UN0072</subfield>
    <subfield code="r">2021-10-18 00:00:00</subfield>
    <subfield code="w">2021-10-18</subfield>
    <subfield code="y">JRL</subfield>
  </datafield>
  <datafield tag="952" ind1=" " ind2=" ">
    <subfield code="0">0</subfield>
    <subfield code="1">0</subfield>
    <subfield code="4">0</subfield>
    <subfield code="7">0</subfield>
    <subfield code="a">JRU</subfield>
    <subfield code="b">JRU</subfield>
    <subfield code="c">JRL</subfield>
    <subfield code="d">2024-05-03</subfield>
    <subfield code="e">PURCHASE</subfield>
    <subfield code="g">30.00</subfield>
    <subfield code="h">VOI-62, ISSUE-5 [JAN -FEB-2024]</subfield>
    <subfield code="l">0</subfield>
    <subfield code="p">UN0073</subfield>
    <subfield code="r">2024-05-03 11:28:23</subfield>
    <subfield code="w">2024-05-03</subfield>
    <subfield code="y">JRL</subfield>
  </datafield>
  <datafield tag="952" ind1=" " ind2=" ">
    <subfield code="0">0</subfield>
    <subfield code="1">0</subfield>
    <subfield code="4">0</subfield>
    <subfield code="7">0</subfield>
    <subfield code="a">JRU</subfield>
    <subfield code="b">JRU</subfield>
    <subfield code="c">JRL</subfield>
    <subfield code="d">2024-05-03</subfield>
    <subfield code="e">PURCHASE</subfield>
    <subfield code="g">30.00</subfield>
    <subfield code="h">VOI-62, ISSUE-8 [FEB-2024]</subfield>
    <subfield code="l">0</subfield>
    <subfield code="p">UN0074</subfield>
    <subfield code="r">2024-05-03 11:39:41</subfield>
    <subfield code="w">2024-05-03</subfield>
    <subfield code="y">JRL</subfield>
  </datafield>
  <datafield tag="952" ind1=" " ind2=" ">
    <subfield code="0">0</subfield>
    <subfield code="1">0</subfield>
    <subfield code="4">0</subfield>
    <subfield code="7">0</subfield>
    <subfield code="a">JRU</subfield>
    <subfield code="b">JRU</subfield>
    <subfield code="c">JRL</subfield>
    <subfield code="d">2024-05-03</subfield>
    <subfield code="e">PURCHASE</subfield>
    <subfield code="g">30.00</subfield>
    <subfield code="h">VOI-62, ISSUE-9 [FEB-MAR-2023]</subfield>
    <subfield code="l">0</subfield>
    <subfield code="p">UN0075</subfield>
    <subfield code="r">2024-05-03 11:47:35</subfield>
    <subfield code="w">2024-05-03</subfield>
    <subfield code="y">JRL</subfield>
  </datafield>
  <datafield tag="952" ind1=" " ind2=" ">
    <subfield code="0">0</subfield>
    <subfield code="1">0</subfield>
    <subfield code="4">0</subfield>
    <subfield code="7">0</subfield>
    <subfield code="a">JRU</subfield>
    <subfield code="b">JRU</subfield>
    <subfield code="c">JRL</subfield>
    <subfield code="d">2024-05-03</subfield>
    <subfield code="e">PURCHASE</subfield>
    <subfield code="g">30.00</subfield>
    <subfield code="h">VOI-62, ISSUE-12 [MAR-2024]</subfield>
    <subfield code="l">0</subfield>
    <subfield code="p">UN0076</subfield>
    <subfield code="r">2024-05-03 11:51:56</subfield>
    <subfield code="w">2024-05-03</subfield>
    <subfield code="y">JRL</subfield>
  </datafield>
  <datafield tag="952" ind1=" " ind2=" ">
    <subfield code="0">0</subfield>
    <subfield code="1">0</subfield>
    <subfield code="4">0</subfield>
    <subfield code="7">0</subfield>
    <subfield code="a">JRU</subfield>
    <subfield code="b">JRU</subfield>
    <subfield code="c">JRL</subfield>
    <subfield code="d">2024-05-03</subfield>
    <subfield code="e">PURCHASE</subfield>
    <subfield code="g">30.00</subfield>
    <subfield code="h">VOI-62, ISSUE-13 [MAR-2024]</subfield>
    <subfield code="l">0</subfield>
    <subfield code="p">UN0077</subfield>
    <subfield code="r">2024-05-03 11:56:32</subfield>
    <subfield code="w">2024-05-03</subfield>
    <subfield code="y">JRL</subfield>
  </datafield>
  <datafield tag="952" ind1=" " ind2=" ">
    <subfield code="0">0</subfield>
    <subfield code="1">0</subfield>
    <subfield code="4">0</subfield>
    <subfield code="7">0</subfield>
    <subfield code="a">JRU</subfield>
    <subfield code="b">JRU</subfield>
    <subfield code="c">JRL</subfield>
    <subfield code="d">2024-05-03</subfield>
    <subfield code="e">PURCHASE</subfield>
    <subfield code="g">30.00</subfield>
    <subfield code="h">VOI-61, ISSUE-17 [APRIL-2024]</subfield>
    <subfield code="l">0</subfield>
    <subfield code="p">UN0078</subfield>
    <subfield code="r">2024-05-03 12:03:12</subfield>
    <subfield code="w">2024-05-03</subfield>
    <subfield code="y">JRL</subfield>
  </datafield>
  <datafield tag="952" ind1=" " ind2=" ">
    <subfield code="0">0</subfield>
    <subfield code="1">0</subfield>
    <subfield code="4">0</subfield>
    <subfield code="7">0</subfield>
    <subfield code="a">JRU</subfield>
    <subfield code="b">JRU</subfield>
    <subfield code="c">JRL</subfield>
    <subfield code="d">2024-05-03</subfield>
    <subfield code="e">PURCHASE</subfield>
    <subfield code="g">30.00</subfield>
    <subfield code="h">VOI-61, ISSUE-17 [APRIL-2024]</subfield>
    <subfield code="l">0</subfield>
    <subfield code="p">UN0079</subfield>
    <subfield code="r">2024-05-03 12:05:22</subfield>
    <subfield code="w">2024-05-03</subfield>
    <subfield code="y">JRL</subfield>
  </datafield>
  <datafield tag="952" ind1=" " ind2=" ">
    <subfield code="0">0</subfield>
    <subfield code="1">0</subfield>
    <subfield code="4">0</subfield>
    <subfield code="7">0</subfield>
    <subfield code="a">JRU</subfield>
    <subfield code="b">JRU</subfield>
    <subfield code="c">JRL</subfield>
    <subfield code="d">2025-02-22</subfield>
    <subfield code="e">PURCHASE</subfield>
    <subfield code="g">30.00</subfield>
    <subfield code="h">VOL-62, NO-35 [AUG-SEP-2024]</subfield>
    <subfield code="l">0</subfield>
    <subfield code="p">UN0080</subfield>
    <subfield code="r">2025-02-22 12:30:09</subfield>
    <subfield code="w">2025-02-22</subfield>
    <subfield code="y">JRL</subfield>
  </datafield>
  <datafield tag="952" ind1=" " ind2=" ">
    <subfield code="0">0</subfield>
    <subfield code="1">0</subfield>
    <subfield code="4">0</subfield>
    <subfield code="7">0</subfield>
    <subfield code="a">JRU</subfield>
    <subfield code="b">JRU</subfield>
    <subfield code="c">JRL</subfield>
    <subfield code="d">2025-02-22</subfield>
    <subfield code="e">PURCHASE</subfield>
    <subfield code="g">30.00</subfield>
    <subfield code="h">VOL-62, NO-16 [ APRIL-15-21] 2024</subfield>
    <subfield code="l">0</subfield>
    <subfield code="p">UN0081</subfield>
    <subfield code="r">2025-02-22 12:32:38</subfield>
    <subfield code="w">2025-02-22</subfield>
    <subfield code="y">JRL</subfield>
  </datafield>
</record>
